00758cam a22002778a 450000100090000000300040000900500170001300800410003001000170007103500200008804000180010804200080012606000090013408200160014310000210015924500790018024600270025925000120028626000450029826300090034330000170035250400510036965000130042065000160043370000310044917083052OSt20150408114135.0111212s2013 mou b 001 0 eng  a 2011051161 a(DNLM)101574410 aDNLM/DLCcDLC apcc10aQS 400a612 PKA2231 aPatton, Kevin T.10aAnatomy & physiology :cKevin T. Patton, Gary A. Thibodeau.bstudy guide /1 aAnatomy and physiology a8th ed. aSt. Louis, MO :bElsevier/Mosby,cc2013. a1203 ap. ;528ccm. aIncludes bibliographical references and index.12aAnatomy.22aPhysiology.1 aThibodeau, Gary A.,d1938-